| 000 | 00790nam a22002297a 4500 | ||
|---|---|---|---|
| 999 |
_c20612 _d20612 |
||
| 003 | AR-CdUCM | ||
| 008 | 190228b ||||| |||| 00| 0 spa d | ||
| 020 | _a84-87713-01 | ||
| 040 |
_aMUNICIPALIDAD PROVINCIAL DEL CUSCO _cBIBLIOTECA MUNICIPAL DEL CUSCO |
||
| 082 |
_a300 / _bAY93 |
||
| 100 |
_aAyala, Francisco _96583 |
||
| 245 | _aRelatos granadinos / | ||
| 260 |
_aGranada : _bUrania, _c1990. |
||
| 300 |
_a121 paginas ; _c25 cm. |
||
| 500 | _a[libro reempastado] | ||
| 505 | _aContenido : Relatos granadinos -- Regreso a la tierra natal -- Mi camino de Damaso -- La rama paterna.... | ||
| 650 |
_aRelatos granadinos _943077 |
||
| 650 |
_aGranada-España _943078 |
||
| 700 |
_aParedes Nuñez, Juan (edición, selección y prólogo) _943079 |
||
| 942 |
_2ddc _cLIBROS |
||
| 945 | _aAndy | ||